She - Harry Styles (All Lyrics) - Statistics

General Stats
  • This quiz has been taken 59 times
  • The average score is 208 of 247
Answer Stats
Lyrics % Correct
I
100%
in
100%
the
100%
a
97%
and
97%
do
97%
me
94%
she
94%
(she)
94%
(she,
94%
she)
94%
don't
90%
he
90%
is
90%
know
90%
morning
90%
of
90%
who
90%
why
90%
daydreams
87%
lives
87%
one
87%
to
87%
with
87%
you
87%
his
84%
(his
84%
school
84%
that
84%
thinking
84%
all
81%
at
81%
first
81%
he's
81%
kids
81%
like
81%
man
81%
nine
81%
off
81%
see
81%
what
81%
afternoon
77%
dropps
77%
she's
77%
around
74%
coffee
74%
for
74%
two
74%
us
74%
thirty
71%
assistant
65%
bed
65%
bed)
65%
head
65%
head)
65%
just
65%
(just
65%
knows
61%
sends
61%
who's
61%
pretend
58%
(pretend)
58%
say
58%
say,
58%
say)
58%
sleeps
58%
where
58%
woman
58%
away
55%
(away,
55%
away)
55%
memory
55%
not
55%
(not
55%
plays
55%
sailing
55%
takes
55%
while
55%
mates
52%
mates)
52%
so
52%
boat
48%
telling
48%
out
42%
wouldn't
42%
(wouldn't
42%
imagines
39%
No matching quizzes found
Score Distribution
Percent of People with Each Score
Percentile by Number Answered
Your Score History
You have not taken this quiz